| 000 | 00362nam a2200133Ia 4500 | ||
|---|---|---|---|
| 008 | 150202s9999 xx 000 0 und d | ||
| 020 | _a1455556564 | ||
| 050 |
_aFIC _bFIC |
||
| 100 | _aSparks, Nicholas. | ||
| 245 | 4 |
_aThe best of me / _cNicholas Sparks. |
|
| 260 |
_aNew York : _bHachette Books, _c2011. |
||
| 300 |
_a356 pages : _c17 cm. |
||
| 650 | _aFiction. | ||
| 999 |
_c282488 _d282488 |
||